000 00938nam a22002657a 4500
005 20110420112035.0
008 110420t xxu||||| |||| 00| 0 eng d
010 _aENG-102247
020 _a9780071077231
_c195.00
020 _a0071077235
_c195.00
035 _aEN-85780
037 _bDBAD/PUB
040 _adpl
_bEnglish
082 _a005.5
100 _aPrice, Michael
_927344
245 _aOffice 2010 in easy steps /
_cby Michael Price
260 _aNew Delhi
_bTata McGraw-Hill
_c2011
270 _a7 West Patel Nagar,
_bNew Delhi
_e110008
300 _a240p. :
_c24cm (pbk)
_bill.
500 _aIncludes index
650 _927345
942 _2ddc
_cEN
_h005.5
_mPRI
999 _c51698
_d51698